Motivierung in Organisationen <Ein> Leitfaden für Studenten und Praktiker

Guardado en:
Detalles Bibliográficos
Autor principal: Lawler III., Edward E.
Otros Autores: Markert, Christoph, Canaria, Gran
Formato: Libro
Lenguaje:alemán
Publicado: Bern Haupt 1977
Edición:1. Aufl.
Colección:Uni Taschenbücher 586
Materias:
Etiquetas: Agregar Etiqueta
Sin Etiquetas, Sea el primero en etiquetar este registro!

MARC

LEADER 00000nam a2200000 4500
001 c018933
005 20221207072336.8
020 |a 3-258-02442-1 
041 0 |a ger 
044 |a CH 
245 1 0 |a Motivierung in Organisationen  |b <Ein> Leitfaden für Studenten und Praktiker  |c Edward E. Lawler III. ; [Z angl. prel.] Christoph Markert, Gran Canaria 
250 |a 1. Aufl. 
264 1 |a Bern  |b Haupt  |c 1977 
300 |a 300 s. 
490 1 |a Uni Taschenbücher  |v 586 
830 0 |a Uni Taschenbücher  |v 586 
610 2 0 |a organizácia 
610 2 0 |a organizácia práce 
610 2 0 |a organizácia pracoviska 
610 2 0 |a správanie organizačné 
610 2 0 |a zamestnanci 
610 2 0 |a motivácia pracovná 
610 2 0 |a teória a prax 
610 2 0 |a výskum 
610 2 0 |a problémy globálne 
610 2 0 |a vzťahy medziľudské 
610 2 0 |a výkony pracovné 
610 2 0 |a hedonizmus 
610 2 0 |a úspech pracovný 
610 2 0 |a potreby 
610 2 0 |a modely 
610 2 0 |a miesta pracovné 
610 2 0 |a voľba povolania 
610 2 0 |a kariéra 
610 2 0 |a personál 
610 2 0 |a odmeny 
610 2 0 |a spokojnosť v práci 
610 2 0 |a manažment 
610 2 0 |a riadenie 
610 2 0 |a podnik 
610 2 0 |a príjmy pracovné 
100 1 |a Lawler III., Edward E. 
700 1 |a Markert, Christoph 
700 1 |a Canaria, Gran